Water chemistry: (Record no. 37985)

MARC details
000 -LEADER
fixed length control field 00764nam a22001937a 4500
005 - DATE AND TIME OF LATEST TRANSACTION
control field 20100727162050.0
010 ## - LCCN (DPL NO)
LC control number ENG-97055
020 ## - INTERNATIONAL STANDARD BOOK NUMBER
International Standard Book Number 9788190794909
Terms of availability 65.00
035 ## - SYSTEM CONTROL NUMBER
System control number EN-80588
037 ## - SOURCE OF ACQUISITION
Source of stock number/acquisition DBAD/PUB
082 ## - DEWEY DECIMAL CLASSIFICATION NUMBER
Classification number 546.22
100 ## - MAIN ENTRY--PERSONAL NAME
Personal name Kannan, R
245 ## - TITLE STATEMENT
Title Water chemistry:
Remainder of title physico - chemical analysis of drinking water /
Statement of responsibility, etc by R. Kannan
260 ## - PUBLICATION, DISTRIBUTION, ETC. (IMPRINT)
Place of publication, distribution, etc Tamilnadu
Name of publisher, distributor, etc Sri Murugan Publications
Date of publication, distribution, etc 2008
270 ## - ADDRESS
Address Rajarajan Vaniga Vaniga Valaga Arangam (New Thiruvalluvar Theatre) Thanjavur-1, Tamilnadu
City Tamilnadu
300 ## - PHYSICAL DESCRIPTION
Extent 70p.:
Other physical details ill.
Dimensions 20cm (pbk)
942 ## - ADDED ENTRY ELEMENTS (KOHA)
Source of classification or shelving scheme Dewey Decimal Classification
Item type English Books
Classification part 546.22
Call number suffix KAN
Holdings
Withdrawn status Lost status Not for loan Collection code Home library Current library Date acquired Source of acquisition Cost, normal purchase price Full call number Barcode Copy number Cost, replacement price Koha item type
    Not For Loan Non-fiction D.B.Act.Division D.B.Act.Division 27/07/2010 DBAD/PUB 65.00 546.22 KAN EN-80588 1 65.00 English Books

© Delhi Public Library
Hit Counter
free hit counter